Catálogo
 En Linea

Historia de la salvación : (Registro nro. 46832)

Detalles MARC
000 -CABECERA
campo de control de longitud fija 00823nam a2200193 a 4500
001 - NÚMERO DE CONTROL
campo de control 000047344
003 - IDENTIFICADOR DEL NÚMERO DE CONTROL
campo de control DO-SdBNP
005 - FECHA Y HORA DE LA ÚLTIMA TRANSACCIÓN
campo de control 20220216110950.0
008 - DATOS DE LONGITUD FIJA--INFORMACIÓN GENERAL
campo de control de longitud fija 180507s2004 dr a 000 0 spa d
040 ## - FUENTE DE LA CATALOGACIÓN
Centro catalogador/agencia de origen DO-SdBNP
Lengua de catalogación spa
Centro/agencia transcriptor BNPHU
082 #4 - NÚMERO DE LA CLASIFICACIÓN DECIMAL DEWEY
Número de edición 22
100 1# - ENTRADA PRINCIPAL--NOMBRE DE PERSONA
Nombre de persona Prado Flores, José H.
9 (RLIN) 10971
245 10 - MENCIÓN DE TÍTULO
Título Historia de la salvación :
Resto del título guía de la primera unidad, segunda etapa de la misión continental /
Mención de responsabilidad, etc. José H. Prado Flores
260 ## - PUBLICACIÓN, DISTRIBUCIÓN, ETC.
Lugar de publicación, distribución, etc. Santo Domingo, :
Nombre del editor, distribuidor, etc. Amigo del hogar,
Fecha de publicación, distribución, etc. [s.f.].
300 ## - DESCRIPCIÓN FÍSICA
Extensión 192 p. :
Otras características físicas il. ;
Dimensiones 23 cm.
500 ## - NOTA GENERAL
Nota general Cololaboración de la comisión nacional de catequesis, Hna. Carol Gross y comisión diocesana de Baní, comisión nacional de la misión continental, instituto nacional de pastoral, Pbro. Daniel Lorenzo Vargas Salazar.
590 ## - NOTA LOCAL (RLIN)
Nota local Inventariado, 2018/ YL
942 ## - ELEMENTOS DE PUNTO DE ACCESO ADICIONAL (KOHA)
Fuente del sistema de clasificación o colocación Dewey Decimal Classification
Tipo de ítem Koha Libro
Existencias
Estado de retiro Estado de pérdida No para préstamo Código de colección Localización permanente Ubicación/localización actual Ubicación en estantería Fecha de adquisición Número de inventario Total de préstamos Signatura topográfica completa Código de barras Fecha visto por última vez Precio válido a partir de Tipo de ítem Koha
    Excluido de préstamo Patrimonio Dominicano Patrimonio Dominicano Patrimonio Dominicano En catalogación 07.05.2018 LF1   xx xxx 47344-10 25.06.2020 25.06.2020 Libro y Folleto Colección Patrimonio Dominicano

Con tecnología Koha